45 European Countries, 45 Celebrities (Pictures) - Statistics

General Stats
  • This quiz has been taken 534 times
  • The average score is 16 of 45
Answer Stats
Picture Hint Answer % Correct
painter Netherlands / Vincent van Gogh
81%
footballer Portugal / Cristiano Ronaldo
78%
playwright United Kingdom / William Shakespeare
77%
pope Vatican City / Francis
72%
footballer Croatia / Luka Modrić
71%
king France / Louis XIV
69%
painter Italy / Leonardo da Vinci
67%
FLOTUS Slovenia / Melania Trump
67%
sportsman Switzerland / Roger Federer
67%
philosopher Greece / Aristotle
62%
painter Spain / Salvador Dalí
62%
psychoanalyst Austria / Sigmund Freud
61%
saint (born here) Macedonia / Mother Theresa
53%
healer Russia / Grigori Rasputin
52%
tennis player Serbia / Novak Djokovic
51%
film star Belgium / Jean-Claude Van Damme
48%
explorer Norway / Roald Amundsen
44%
musician Iceland / Björk
43%
playwright Ireland / Oscar Wilde
41%
princess Monaco / Grace Kelly
41%
footballer Bosnia and Herzegovina / Edin Džeko
37%
saint San Marino / Saint Marinus
36%
singer (born here) Kosovo / Rita Ora
32%
gymnast Romania / Nadia Comăneci
31%
biathlete Belarus / Darya Domracheva
28%
musician Poland / Frédéric Chopin
25%
"Epic Sax Guy" Moldova / Sergey Stepanov
24%
politician Ukraine / Yulia Tymoshenko
23%
basketball player Lithuania / Arvydas Sabonis
18%
politician Luxembourg / Jean-Claude Juncker
18%
former tennis player Czech Republic / Ivan Lendl
16%
writer Germany / J.W. von Goethe
14%
composer Hungary / Franz Liszt
14%
ski racer Liechtenstein / Tina Weirather
13%
bicycle racer Slovakia / Peter Sagan
13%
military commander Albania / Skanderbeg
12%
sportsman Bulgaria / Grigor Dimitrov
12%
composer Finland / Jean Sibelius
12%
playwright Denmark / Hans Christian Andersen
11%
billionaire Sweden / Ingvar Kamprad
11%
footballer Montenegro / Mirko Vučinić
9%
former president Estonia / Toomas Hendrik Ilves
7%
current PM Andorra / Antoni Martí
6%
painter (born here) Latvia / Mark Rothko
6%
cartoonist Malta / Joe Sacco
4%
No matching quizzes found
Score Distribution
Percent of People with Each Score
Percentile by Number Answered
Your Score History
You have not taken this quiz